| 000 | 00853nam a2200265 i 4500 | ||
|---|---|---|---|
| 001 | bg | ||
| 100 | 1 | _aDREYER, Hilke | |
| 245 | 1 | 0 |
_aPraktyczna gramatyka języka niemieckiego / _cHilke Dreyer, Richard Schmitt ; [przekł. z niem. i adapt. Danuta Olszewska]. |
| 246 | 1 | 1 | _aLehr-und Übungsbuch der deutschen Grammatik |
| 260 |
_aWarszawa ; _a[Ismaning] : _bRea : _bVerl. für Deutsch, _c1996. |
||
| 300 |
_a332 s. ; _c21 cm. |
||
| 500 | _aOryg.: Lehr-und Übungsbuch der deutschen Grammatik". | ||
| 504 | _aIndeks. | ||
| 650 | 9 |
_aJęzyk niemiecki _xgramatyka |
|
| 655 | _aPodręczniki | ||
| 700 | 1 | _aSCHMITT, Richard | |
| 700 | 1 |
_aOLSZEWSKA, Danuta. _eTł. |
|
| 020 | _a8371411863 | ||
| 040 | _cBPK | ||
| 041 | 0 | _aplde | |
| 080 | _a811.112.2'36(07) | ||
| 920 | _a83-7141-186-3 | ||
| 942 | _cKS | ||
| 008 | s pl f |000 0 pol | ||
| 999 |
_c31776 _d31776 |
||